000 00457nam a2200181Ia 4500
001 24007
005 20260414151015.0
008 260414t2018||||xx |||||||||||||| ||spa||
041 _aESP
082 _a746.0985
_bV935
100 _aVelarde Oliart, Miguel Eduardo
_eAUT
245 0 _aFábrica de hilados y tejidos de lana lucre
_b
260 _c2018
300 _a867 páginas :
_c23 cm.
650 _aABD
654 _aCAU
942 _cLIB
_dJUS
_fJUS
_2ddc
_n
999 _c24007
_d24007